000 00836nam a2200277 a 4500
001 16022
003 BD-RjUL
005 20211208235932.0
008 140211r19831982nyua 001 0 eng
020 _a0070489203
035 _a(BD-RjUL)16077
040 _aDLC
_cDLC
_dBD-RjUL
_beng
041 _aeng
082 0 0 _a658.8
_219
_bGUM 1983
100 1 _aGuiltinan, Joseph P.
_949522
245 1 0 _aMarketing management :
_bstrategies and programs /
_cJoseph P. Guiltinan, Gordon W. Paul.
260 _aNew York :
_bMcGraw-Hill,
_cc1982 [reprint 1983].
300 _axvi, 412 p. :
_bill. ;
_c22 cm.
490 _aMcGraw-Hill series in marketing
504 _aIncludes indexes.
650 0 _aMarketing
_xManagement.
_949618
700 1 _aPaul, Gordon W.
_949523
942 _2ddc
_cBK
999 _c16022
_d16022